000 00763nam a2200217 a 4500
005 20160205162853.0
008 160205s1998 ck gr|||| 000 0 spa d
040 _aCO-BoIAVH
_cCO-BoIAVH
041 0 _aspa
044 _ack
082 _a363.70561
_bL84n
100 1 _aLondoño Toro, Beatríz
245 1 0 _aManual nuevos instrumentos de participación ambiental /
_cConsultoría Ambiental y Colectiva ; Beatríz Londoño Toro.
250 _aPrimera edición
260 _aBogotá :
_bConsultoría Ambiental y Colectiva,
_c1998.
300 _a173 páginas ;
_c24 x 17 cm.
650 1 6 _aParticipación ciudadana
650 2 6 _aParticipación Ciudadana y Educacion Ambiental
650 2 6 _aComunidades indígenas
942 _cLIBRO
_2ddc
999 _c5627
_d5627